00719nam a2200193Ia 4500952015500000999001700155003000400172005001700176008004100193020001800234040000900252082002200261100003500283245008800318260004500406300000900451650001500460942005000475 00102ddc40708SOCIAL SCIENCEaMESbMEScSOCIAL SCIENCEd2019-02-20g795.00l0o305.420954 SAT/Yp32594r2019-02-20 00:00:00w2019-02-20yBKzGL41R1 c36936d36936OSt20210121124106.0190216s9999||||xx |||||||||||||| ||und|| a9788183870757 coclc a305.420954bSAT/Y aSatapathy, Sachidananda 98345 0aYouth Vision 2020 Towards Building An India Of Our Choice /cSachidananda Satapathy bSerials Publications,c2008.aNew Delhi: a253p aReferences cBK2ddch305.420954iSAT/Yk305.420954mSAT/Y